| 000 | 00905 a2200445 4500 | ||
|---|---|---|---|
| 000 | BKB | ||
| 001 | 071248 | ||
| 005 | 20200902150943.0 | ||
| 008 | |||
| 010 | _a | ||
| 020 | _a | ||
| 082 |
_a368.3 _bM98S |
||
| 100 | 1 | _aMuthuswamy | |
| 110 | _a | ||
| 245 | 1 |
_aSwamy's compilation of contributory provident fund rules (India), 1962 _cMuthuswamy and Brinda |
|
| 250 | _a21th ed. | ||
| 260 |
_aChennai _bSwamy Pub. _c2010 |
||
| 300 | _a119p. | ||
| 490 |
_a _v |
||
| 500 | _a | ||
| 600 | _a | ||
| 610 | _a | ||
| 611 | _a | ||
| 630 | _aInsurence | ||
| 650 | _a | ||
| 651 | _a | ||
| 654 | _a | ||
| 690 | _aPF Rules; Swamy | ||
| 700 |
_aBrinda _b _c |
||
| 710 |
_a _b _c |
||
| 711 | _a | ||
| 720 | _a | ||
| 730 | _a | ||
| 740 | _a | ||
| 752 | _a | ||
| 856 |
_a _d _f |
||
| 904 | _a | ||
| 964 |
_a _b _c _d _e _f _g |
||
| 965 | _a | ||
| 999 |
_c4580 _d4580 |
||